ČSN 01 0195 Bibliografický záznam

Enregistré dans:
Détails bibliographiques
Format: Livre
Langue:slovaque
Publié: Praha Vydavatelství norem 1992
Édition:1. vyd.
Tags: Ajouter un tag
Pas de tags, Soyez le premier à ajouter un tag!

MARC

LEADER 00000nam$a2200000$$$4500
001 c003302
005 20221214085422.6
041 0 |a slo 
044 |a CZ 
245 1 0 |a ČSN 01 0195 Bibliografický záznam 
250 |a 1. vyd. 
264 1 |a Praha  |b Vydavatelství norem  |c 1992 
300 |a 38 s. 
500 |a Súvisiace normy: ČSN 01 0168 a ČSN 01 0169 
500 |a Nahrádza ČSN 01 0195 z 6.10.1964